00577nam a22001457a 4500003000500000038001800005082000800023100002300031245021300054264003300267300002400300650001900324700003100343856005700374NUST aNusrat Nadeem a200 aBalkhi, Syed Basil aBUSINESS AND FINANCIAL PERFOMRMENCE ANALYSIS OF “FAUJI CEMENT COMPANY LIMITED” IN COMPARISION WITH ITS TWO MAJOR COMPETITORS IN THE CEMENT INDUSTRY OF PAKISTAN OVER THE LAST FOUR YEARS/cSyed Basil Balkhi aIslamabad;bNBS NUST;c2024; a36,p;bill;c30,cm; aExecutive MBA  aSupervisor: Mrs Fizza Khan uhttp://10.250.8.41:8080/xmlui/handle/123456789/43975